Diccionario de los símbolos /

Guardado en:
Autor Principal: Chevalier, Jean
Otros Autores: Gheerbrant, Alain
Formato: Libro
Publicado: Barcelona : Herder, 1986
Materias:
Etiquetas: Agregar Etiqueta
Sin Etiquetas, Sea el primero en etiquetar este registro!
LEADER 00623nam a22002055a 4500
001 CEM.cems014020
008 130507s1986##################000#0#####d
005 20210705173424.0
003 CEMS
245 1 0 |a Diccionario de los símbolos /  |c Dirección de Jean Chevalier; colaboración de Alain Gheerbrant y Otros 
260 |a Barcelona :  |b  Herder,  |c 1986 
300 |a 554 p. 
590 |a 1135.013 
100 1 |a Chevalier, Jean 
700 1 |a Gheerbrant, Alain 
653 |a Diccionarios 
653 |a Diccionario de símbolos 
653 |a Simbolismo 
653 |a Biblioteca TC 
859 |a CEMS  |b BIB. CEMS - 11 de abril  |h TC  |p 1135.013  |t Ej.1